Resumen del Vigésimonoveno seminario del Programa de Estudios Conjuntos sobre la Integración Económica Latinoamericana

Guardat en:
Dades bibliogràfiques
Autor corporatiu: ECIEL
Format: Text
Publicat: Bogotá: ECIEL
Etiquetes: Afegir etiqueta
Sense etiquetes, Sigues el primer a etiquetar aquest registre!

MARC

LEADER 00000 a a2200000 04500
001 25576
003
040
090 |a 160405  
110 |a ECIEL  
245 |a Resumen del Vigésimonoveno seminario del Programa de Estudios Conjuntos sobre la Integración Económica Latinoamericana  
260 |a Bogotá:   |b ECIEL  
300 |a 151 p.  
999 |c 5215  |d 5215